000 00274nam a2200109Ia 4500
001 1276073
005 20260417160440.0
008 260417s9999 xx 000 0 und d
020 _a9786256792975
245 0 _aCabi’nin Kulesi
_cFurkan Çalışkan
260 _bKetebe Genç
999 _c1276073
_d1276073